| 000 | 01272cas a22003737ar4500 | ||
|---|---|---|---|
| 005 | 20220329142019.0 | ||
| 008 | 980217d19641994uk br p rnn 0 0b0eng d | ||
| 010 | _a77059 | ||
| 011 | _a78031 | ||
| 022 | _a0003-3561 | ||
| 035 | _a87835 | ||
| 245 | 0 | 0 |
_aAnimal Production _c/by British Society of Animal Production |
| 260 | 0 |
_aMidlothian, England : _bBritish Society of Animal Production, _c1964-1994 |
|
| 300 | _av. | ||
| 310 | _aBimestral | ||
| 362 | _av.58 Part.1,1994 | ||
| 590 |
_aBATCH-UPD _b10 _c20130110 _lUCH01 _h0756 |
||
| 590 |
_aBATCH-UPD _b10 _c20130410 _lUCH01 _h0436 |
||
| 590 |
_aBATCH-UPD _b10 _c20130914 _lUCH01 _h1501 |
||
| 590 |
_aCONVERSION _b10 _c20130109 _lUCH01 _h1342 |
||
| 650 | 1 | 4 |
_aGanadería _xPublicaciones periódicas. _944837 |
| 780 | _tProceedings British Society of Animal Production | ||
| 785 | _tAnimal Science | ||
| 866 | _av.12 n.1-2 (1970) | ||
| 866 | _av.13 n.1-2 (1971) | ||
| 866 | _av.14 n.1-v.15 n.3 (1972) | ||
| 866 | _av.16 n.2-v.19 n.3 (1973-1974) | ||
| 866 | _av.20 n.2-v.29 n.3 (1975-1979) | ||
| 866 | _av.32 n.1-v.59 n.3 (1981-1994) | ||
| 866 | _av.6 n.1-v.11 n.2 (1964-1969) | ||
| 901 | _aSE | ||
| 905 | _aLilia Sánchez G. | ||
| 999 |
_c77059 _d77059 |
||